LIBRARY & INFORMATION CENTRE, KCAET, TAVANUR

ONLINE PUBLIC ACCESS CATALOGUE (OPAC)

Water resources engineering / (Record no. 9332)

MARC details
000 -LEADER
fixed length control field 00564cam a2200217ua 4500
020 ## - INTERNATIONAL STANDARD BOOK NUMBER
ISBN 0 07 712689 9
041 ## - LANGUAGE CODE
Language code of text/sound track or separate title eng
082 ## - DEWEY DECIMAL CLASSIFICATION NUMBER
Classification number 627
Item number LIN/WA
100 ## - MAIN ENTRY--AUTHOR NAME
Personal name Linsley, Ray K .
245 ## - TITLE STATEMENT
Title Water resources engineering /
250 ## - EDITION STATEMENT
Edition statement 4 /
260 ## - PUBLICATION, DISTRIBUTION, ETC. (IMPRINT)
Place of publication Singapore :
Name of publisher McGraw Hill Book Company ,
Year of publication 1992.
300 ## - PHYSICAL DESCRIPTION
Number of Pages 841 ; .
500 ## - GENERAL NOTE
General note * CSS
700 1# - ADDED ENTRY--PERSONAL NAME
Personal name Franzini, Joseph B .
700 1# - ADDED ENTRY--PERSONAL NAME
Personal name Freyberg, David Z .
700 1# - ADDED ENTRY--PERSONAL NAME
Personal name Tehobaneglous, George .
942 ## - ADDED ENTRY ELEMENTS (KOHA)
Koha item type Books
Holdings
Withdrawn status Lost status Damaged status Home library Current library Shelving location Date acquired Full call number Accession Number Koha item type
      KAUAET KAUAET Scheme 12/09/2018 627 LIN/WA 18492 Books
free website counter